Lamborghini & Ferrari models - Statistics

General Stats
  • This quiz has been taken 90 times
  • The average score is 6 of 26
Answer Stats
Hint Answer % Correct
Lamborghini Aventador S
71%
Ferrari Ferrari Portofino M
57%
Lamborghini Aventador SVJ
54%
Lamborghini Urus
50%
Lamborghini Huracán EVO
38%
Ferrari Ferrari Roma
25%
Ferrari 812 Superfast
24%
Ferrari Ferrari 488 Pista
24%
Ferari SF90 Stradale
22%
Lamborghini Aventador S Roadster
19%
Lamborghini Aventador SVJ Roadster
19%
Ferrari F8 Tributo
19%
Ferrari 812 GTS
18%
Ferrari F8 Spider
18%
Lamborghini Huracán EVO RWD Spyder
17%
Lamborghini Huracán EVO Spyder
17%
Ferrari Ferrari 488 Pista Spider
15%
Ferrari SF90 Spider
15%
Lamborghini Huracán EVO RWD
11%
Lamborghini Sián Roadster
11%
Ferrari Ferrari Monza SP1
8%
Ferrari Ferrari Monza SP2
8%
Lamborghini Sián FKP 37
7%
Lamborghini Urus Graphite Capsule
3%
Lamborghini Urus Pearl capsule
3%
Lamborghini Huracán EVO Fluo capsule
1%
No matching quizzes found
Score Distribution
Percent of People with Each Score
Percentile by Number Answered
Your Score History
You have not taken this quiz